书目信息 |
| 题名: |
环境管理体系认证教程
|
|
| 作者: | 王家德 编著 | |
| 分册: | ||
| 出版信息: | 北京 中国环境科学出版社 2003.11 |
|
| 页数: | 219页 | |
| 开本: | 23cm | |
| 丛书名: | 高等院校环境科学专业系列教材 | |
| 单 册: | ||
| 中图分类: | X32-65 | |
| 科图分类: | ||
| 主题词: | 环境管理--huan jing guan li--体系--国际标准--高等学校--教材 , 国际标准--guo ji biao zhun , 环境管理--huan jing guan li | |
| 电子资源: | ||
| ISBN: | 7-80163-744-5 | |
| 000 | 01444nam0 2200361 450 | |
| 000 | 01470nam0 2200361 450 | |
| 000 | 01433nam0 2200349 450 | |
| 000 | 01416nam0 2200349 450 | |
| 000 | 01379nam 2200337 450 | |
| 001 | CAL 012006006986 | |
| 005 | 20160620155236.07 | |
| 010 | @a7-80163-744-5@dCNY25.00 | |
| 099 | @aCAL 012006006986 | |
| 100 | @a20060825e20042003em y0chiy0120 ea | |
| 101 | 0 | @achi |
| 102 | @aCN@b110000 | |
| 105 | @aak zl 000yy | |
| 200 | 1 | @a环境管理体系认证教程@Ahuan jing guan li ti xi ren zheng jiao cheng@f王家德等编著 |
| 210 | @a北京@c中国环境科学出版社@d2003.11@h2004.9重印 | |
| 215 | @a219页@c图@d23cm | |
| 225 | 2 | @a高等院校环境科学专业系列教材@Agao deng yuan xiao huan jing ke xue zhuan ye xi lie jiao cai@d= Environmental sciences@zeng |
| 304 | @a在版题: 王家德主编 | |
| 330 | @a本书简要介绍了ISO 14000系列标准产生的背景、ISO机构及实施ISO 14000的目的意义, ISO 14000系列标准的框架构成、标准特点, ISO 14000系列标准在国际贸易、组织活动等方面产生的影响等内容。 | |
| 333 | @a阅读对象: 高等院校环境科学和环境工程专业的学生、相关社会人员等 | |
| 410 | 0 | @12001 @a高等院校环境科学专业系列教材 |
| 606 | 0 | @a环境管理@Ahuan jing guan li@x体系@x国际标准@x高等学校@j教材 |
| 606 | 0 | @a国际标准@Aguo ji biao zhun |
| 606 | 0 | @a环境管理@Ahuan jing guan li |
| 610 | 0 | @aISO 14000 |
| 690 | @aX32-65@v4 | |
| 701 | 0 | @a王家德@Awang jia de@4编著 |
| 801 | 0 | @aCN@c20061031 |
| 905 | @apdsgxy@dX32-65@eW220 | |
| 环境管理体系认证教程/王家德等编著.-北京:中国环境科学出版社,2003.11(2004.9重印) |
| 219页:图;23cm.-(高等院校环境科学专业系列教材= Environmental sciences) |
| 使用对象:阅读对象: 高等院校环境科学和环境工程专业的学生、相关社会人员等 |
| ISBN 7-80163-744-5:CNY25.00 |
| 本书简要介绍了ISO 14000系列标准产生的背景、ISO机构及实施ISO 14000的目的意义, ISO 14000系列标准的框架构成、标准特点, ISO 14000系列标准在国际贸易、组织活动等方面产生的影响等内容。 |
| ● |
| 相关链接 |
|
|
|
正题名:环境管理体系认证教程
索取号:X32-65/W220
 
预约/预借
| 序号 | 登录号 | 条形码 | 馆藏地/架位号 | 状态 | 备注 |
| 1 | 1238191 | 212381910 | 期刊室512/501自科库 95排1列1层/ [索取号:X32-65/W220] | 在馆 | |
| 2 | 633985 | 206339853 | 期刊室512/501自科库 95排1列1层/ [索取号:X32-65/W220] | 在馆 | |
| 3 | 633986 | 206339862 | 自科库501/501自科库 65排7列3层/ [索取号:X32-65/W220] | 在馆 | |
| 4 | 633987 | 206339871 | 自科库501/501自科库 65排7列3层/ [索取号:X32-65/W220] | 在馆 |